000 00827nam a2200265Ia 4500
003 OSt
005 20251203105031.0
008 210716s2012 xx 000 0 und d
020 _a9788184893687
040 _cAIMIT LIBRARY
041 _aeng
082 _a006.32
_21
_bNORM
100 _aNorgaard, M.
_9247347
245 _aNeural networks for modelling and control of dynamic systems /
_cBy M Norgaard,...[et.al]
250 _a1st ed.
260 _aNew Delhi :
_bSpringer ,
_c2012.
300 _axiv,246p. ;
_bPB
_c23 cm
650 _aSystem identification with neural networks
_9247348
650 _aControl with neural networks
_9247349
650 _aCase studies
_9247350
700 _aRavn, O.
_9247351
700 _aPoulson, N K.
_9247352
700 _aHansen, L K.
_9247353
942 _2ddc
_cBK
_e1st
_k006.32 NORM
999 _c194474
_d194474